|
|
|
|
| LEADER |
00606cam a2200193ua 4500 |
| 008 |
080905t1994||||||||||| 00 ||eng c |
| 041 |
0 |
|
|a eng
|
| 082 |
|
|
|a 615.53
|b KUM/P
|
| 100 |
0 |
|
|a Kumudranjan,, Kaviraj.
|
| 245 |
1 |
0 |
|a Krishnadas Ayurveda Series: 34- Philosophy of Ayurveda with practical medicines /
|
| 250 |
|
|
|a 1st ed.
|
| 260 |
|
|
|a Varanasi:
|b Krishnadas,
|c 1994.
|
| 300 |
|
|
|a 97p..
|
| 362 |
1 |
|
|a 1994.
|
| 365 |
|
|
|e hb
|
| 650 |
0 |
|
|a Ayurveda
|
| 942 |
|
|
|c BK
|
| 999 |
|
|
|c 19271
|d 19271
|
| 952 |
|
|
|0 0
|1 0
|4 0
|6 615_530000000000000_KUM
|7 0
|9 20145
|a KUCL
|b KUCL
|d 2014-05-23
|l 0
|o 615.53 KUM/
|p 20209
|r 2014-05-23
|w 2014-05-23
|y BK
|